000 00338nam a2200133Ia 4500
008 220204s9999 xx 000 0 und d
082 _a575:631.52
_bCOU
100 _aCOULTER, John M
245 0 _aFundamentals of plant breeding
260 _aJaipur
_bPrakash
_c1973
650 _aPlant breeding
650 _aPlant diseases
942 _cBK
999 _c24739
_d24739